Estadísticas para Mapa de Ciudades de África

Haz click aquí para tomar la prueba!

Estadísticas generales

  • Esta prueba ha sido tomada 1.365 veces
  • La puntuación promedio es 20 de 28

Respuestas en el mapa

Las respuestas están codificadas por una escala verde-roja en el mapa de la prueba según el % correcto abajo.
 

Estadísticas de respuestas

Respuesta% Correcto
El Cairo
94%
Túnez
88%
Argel
87%
Casablanca
87%
Johannesburgo
85%
Ciudad del Cabo
84%
Trípoli
83%
Dakar
82%
Antananarivo
81%
Yibuti
79%
Nairobi
78%
Adís Abeba
77%
Jartum
73%
Kinsasa
73%
Lagos
72%
Mogadiscio
71%
Luxor
70%
Luanda
69%
Kampala
63%
Monrovia
63%
Abuya
61%
Niamey
59%
Dar es Salam
58%
Lusaka
58%
Yamena
57%
Tombuctú
53%
Abiyán
48%
Mombasa
48%

Distribución de puntuación

Porcentaje por número respondido

Porcentaje de gente con cada puntuación

Historial de tus puntuaciones

No has tomado esta prueba